000 00383nam a2200133Ia 4500
008 100328s9999 xx 000 0 und d
082 _b23740
100 _aरांगणेकर कुमुदिनी
245 _aचार उणे एक
260 _bशशिदीप
630 _aचार उणे एक
730 _aचार उणे एक
942 _cBOOK
999 _c517330
_d517327